Financial markets, money and the real world (Record no. 531798)

MARC details
000 -LEADER
fixed length control field 00643nam a2200241Ia 4500
003 - CONTROL NUMBER IDENTIFIER
control field OSt
005 - DATE AND TIME OF LATEST TRANSACTION
control field 20220925195109.0
008 - FIXED-LENGTH DATA ELEMENTS--GENERAL INFORMATION
fixed length control field 220923b |||||||| |||| 00| 0 ger d
020 ## - INTERNATIONAL STANDARD BOOK NUMBER
International Standard Book Number 184064740X
037 ## - SOURCE OF ACQUISITION
Terms of availability General Book
040 ## - CATALOGING SOURCE
Original cataloging agency RTL
Transcribing agency RTL
Language of cataloging ger
041 ## - LANGUAGE CODE
Source of code ger
Language code of text/sound track or separate title ger
100 ## - MAIN ENTRY--PERSONAL NAME
Personal name Davidson Paul
9 (RLIN) 231719
245 #0 - TITLE STATEMENT
Title Financial markets, money and the real world
260 ## - PUBLICATION, DISTRIBUTION, ETC.
Place of publication, distribution, etc. Cheletnharn
Name of publisher, distributor, etc. Edward Elgar
Date of publication, distribution, etc. 2002
300 ## - PHYSICAL DESCRIPTION
Extent ix,265p
Dimensions cm.
650 ## - SUBJECT ADDED ENTRY--TOPICAL TERM
Topical term or geographic name entry element Savings Bank
942 ## - ADDED ENTRY ELEMENTS (KOHA)
Classification part X64, P2
Koha item type General Books
Source of classification or shelving scheme Colon Classification (CC)

No items available.

Copyright @ Delhi University Library System